<?xml version="1.0" encoding="UTF-8"?>
<record
    xmlns:xsi="http://www.w3.org/2001/XMLSchema-instance"
    xsi:schemaLocation="http://www.loc.gov/MARC21/slim http://www.loc.gov/standards/marcxml/schema/MARC21slim.xsd"
    xmlns="http://www.loc.gov/MARC21/slim">

  <leader>00843cam a2200205 a 4500</leader>
  <datafield tag="999" ind1=" " ind2=" ">
    <subfield code="c">57421</subfield>
    <subfield code="d">57421</subfield>
  </datafield>
  <controlfield tag="001">16143950</controlfield>
  <controlfield tag="005">20220929111423.0</controlfield>
  <controlfield tag="008">100305s2015    paua     b    001 0 eng  </controlfield>
  <datafield tag="041" ind1=" " ind2=" ">
    <subfield code="a">eng</subfield>
  </datafield>
  <datafield tag="080" ind1=" " ind2=" ">
    <subfield code="a">616.053 F-23</subfield>
  </datafield>
  <datafield tag="245" ind1="0" ind2="0">
    <subfield code="a">Fanaroff and Martin's neonatal-perinatal medicine :</subfield>
    <subfield code="b">Volume 1. Diseases of the fetus and infant /</subfield>
    <subfield code="c">[edited by] Richard J. Martin, Avroy A. Fanaroff, Michele C. Walsh.</subfield>
  </datafield>
  <datafield tag="250" ind1=" " ind2=" ">
    <subfield code="a">10th ed.</subfield>
  </datafield>
  <datafield tag="264" ind1=" " ind2=" ">
    <subfield code="a">Philadelphia :</subfield>
    <subfield code="b">Saunders/Elsevier,</subfield>
    <subfield code="c">2015.</subfield>
  </datafield>
  <datafield tag="300" ind1=" " ind2=" ">
    <subfield code="a">2 v. (1840. lx, [lx] p.) :</subfield>
    <subfield code="b">ill. ;</subfield>
    <subfield code="c">29 cm.</subfield>
  </datafield>
  <datafield tag="653" ind1=" " ind2=" ">
    <subfield code="a">&#x10DE;&#x10D4;&#x10E0;&#x10D8;&#x10DC;&#x10D0;&#x10E2;&#x10D0;&#x10DA;&#x10E3;&#x10E0;&#x10D8; &#x10DB;&#x10D4;&#x10D3;&#x10D8;&#x10EA;&#x10D8;&#x10DC;&#x10D0;</subfield>
  </datafield>
  <datafield tag="700" ind1="1" ind2=" ">
    <subfield code="a">Martin, Richard J.</subfield>
    <subfield code="e">&#x10E0;&#x10D4;&#x10D3;&#x10D0;&#x10E5;&#x10E2;&#x10DD;&#x10E0;&#x10D8;</subfield>
    <subfield code="9">8537</subfield>
  </datafield>
  <datafield tag="700" ind1="1" ind2=" ">
    <subfield code="a">Fanaroff, Avroy A.</subfield>
    <subfield code="e">&#x10E0;&#x10D4;&#x10D3;&#x10D0;&#x10E5;&#x10E2;&#x10DD;&#x10E0;&#x10D8;</subfield>
    <subfield code="9">8538</subfield>
  </datafield>
  <datafield tag="700" ind1="1" ind2=" ">
    <subfield code="a">Walsh, Michele C.</subfield>
    <subfield code="e">&#x10E0;&#x10D4;&#x10D3;&#x10D0;&#x10E5;&#x10E2;&#x10DD;&#x10E0;&#x10D8;</subfield>
    <subfield code="9">8539</subfield>
  </datafield>
  <datafield tag="942" ind1=" " ind2=" ">
    <subfield code="2">udc</subfield>
    <subfield code="c">BK</subfield>
  </datafield>
  <datafield tag="952" ind1=" " ind2=" ">
    <subfield code="0">0</subfield>
    <subfield code="1">0</subfield>
    <subfield code="2">udc</subfield>
    <subfield code="4">0</subfield>
    <subfield code="6">616053_F23</subfield>
    <subfield code="7">0</subfield>
    <subfield code="9">89133</subfield>
    <subfield code="a">CPL</subfield>
    <subfield code="b">CPL</subfield>
    <subfield code="c">GEN</subfield>
    <subfield code="d">2020-06-18</subfield>
    <subfield code="g">327.00</subfield>
    <subfield code="o">616.053 F-23</subfield>
    <subfield code="p">60619</subfield>
    <subfield code="r">2020-06-18</subfield>
    <subfield code="t">60619</subfield>
    <subfield code="w">2020-06-18</subfield>
    <subfield code="y">BK</subfield>
    <subfield code="z">327 &#x10DA;.</subfield>
  </datafield>
  <datafield tag="952" ind1=" " ind2=" ">
    <subfield code="0">0</subfield>
    <subfield code="1">0</subfield>
    <subfield code="2">udc</subfield>
    <subfield code="4">0</subfield>
    <subfield code="6">616053_F23</subfield>
    <subfield code="7">0</subfield>
    <subfield code="9">98659</subfield>
    <subfield code="a">CPL</subfield>
    <subfield code="b">CPL</subfield>
    <subfield code="c">GEN</subfield>
    <subfield code="d">2024-04-15</subfield>
    <subfield code="g">327.00</subfield>
    <subfield code="o">616.053 F-23</subfield>
    <subfield code="p">60618</subfield>
    <subfield code="r">2024-04-15</subfield>
    <subfield code="t">60618</subfield>
    <subfield code="w">2024-04-15</subfield>
    <subfield code="y">BK</subfield>
    <subfield code="z">327 &#x10DA;.</subfield>
  </datafield>
</record>
